Regional Studies (Record no. 118656)

MARC details
000 -LEADER
fixed length control field 00599cas a22002055a 4500
001 - CONTROL NUMBER
control field L6
008 - FIXED-LENGTH DATA ELEMENTS--GENERAL INFORMATION
fixed length control field 070703c1967 xxkmr p 0 a0eng
022 0# - INTERNATIONAL STANDARD SERIAL NUMBER
International Standard Serial Number 0034-3404
035 ## - SYSTEM CONTROL NUMBER
System control number (Sirsi) u99106
041 1# - LANGUAGE CODE
Language code of text/sound track or separate title eng
110 2# - MAIN ENTRY--CORPORATE NAME
Corporate name or jurisdiction name as entry element Regional Studies Association
9 (RLIN) 5252
245 00 - TITLE STATEMENT
Title Regional Studies
Remainder of title Journal of the Regional Studies Association
260 ## - PUBLICATION, DISTRIBUTION, ETC.
Place of publication, distribution, etc. Cambridge, MA
Name of publisher, distributor, etc. Carfax Publishing Company
Date of publication, distribution, etc. 1967-
362 ## - DATES OF PUBLICATION AND/OR SEQUENTIAL DESIGNATION
Dates of publication and/or sequential designation 31(4) June 1997-36(9) December 2002
554 ## -
-- Nine per year
651 #4 - SUBJECT ADDED ENTRY--GEOGRAPHIC NAME
Geographic name International
690 ## - LOCAL SUBJECT ADDED ENTRY--TOPICAL TERM (OCLC, RLIN)
Topical term or geographic name as entry element Planning and development
9 (RLIN) 6259
942 ## - ADDED ENTRY ELEMENTS (KOHA)
Suppress in OPAC 0
948 ## - LOCAL PROCESSING INFORMATION (OCLC); SERIES PART DESIGNATOR (RLIN)
c (OCLC) 03/02/1994
Holdings
Withdrawn status Lost status Source of classification or shelving scheme Damaged status Not for loan Home library Current library Shelving location Date acquired Total Checkouts Full call number Barcode Date last seen Price effective from Koha item type
    Dewey Decimal Classification     London London Basement 20/09/2005   REGIONAL STUDIES 99106-2001 06/08/2019 06/08/2019 Journal